Свергнутые или смещённые диктаторы - Армагеддон - Statistics

General Stats
  • This quiz has been taken 31 times
  • The average score is 7 of 15
Answers on the Grid
Answers color-coded by a green-red scale on the quiz's grid according to % correct below.
Роберт Мугабе
Мао Цзэдун
Бенито Муссолини
Хафез Асад
Николас Мадуро
Фидель Кастро
Леонид Брежнев
Аугусто Пиночет
Гейдар Алиев
Калигула
Саддам Хусейн
Гурбангулы Бердымухамедов
Рухолла Хомейни
Виктор Янукович
Муаммар Каддафи
Антониу ди Салазар
Жан Бедель Бокасса
Нурсултан Назарбаев
Йозеп Броз Тито
Башар Асад
Ким Ир Сен
Николае Чаушеску
Ким Чен Ир
Уго Чавес
Сулла
Адольф Гитлер
Пол Пот
Франсиско Франко
Ричард Никсон
Мобуту Сесе Секо
 
Answer Stats
Answer % Correct
Бенито Муссолини
89%
Саддам Хусейн
68%
Николас Мадуро
63%
Виктор Янукович
63%
Николае Чаушеску
63%
Адольф Гитлер
58%
Муаммар Каддафи
47%
Башар Асад
47%
Роберт Мугабе
42%
Аугусто Пиночет
32%
Нурсултан Назарбаев
32%
Калигула
16%
Мобуту Сесе Секо
16%
Ричард Никсон
11%
Жан Бедель Бокасса
11%
No matching quizzes found
Score Distribution
Percent of People with Each Score
Percentile by Number Answered
Your Score History
You have not taken this quiz